Estatísticas para Pays ou le Portugais est la langue officielle :

Clique aqui para jogar o quiz

Estatísticas Gerais

  • Esse quiz foi jogado 45 vezes
  • A pontuação média é 5 de 8

Estatísticas das Respostas

Hint Answer % Correct
6 :Portugal
97%
1 :Angola
71%
2 :Brésil
71%
5 :Mozambique
66%
7 :Sao Tomé-Et-Principeauté
60%
3 :Cap-Vert
46%
8 :Timor-Oriental
46%
4 :Guinée-Bissau
43%

Distribuição das Pontuações

Percentil de Números Respondidos

Porcentagem de Pessoas com Cada Pontuação

Sua Pontuação Histórica

Você não jogou esse quiz